[Event "Regency Masters 6th"]
[Site "Ramsgate"]
[Date "1984.12.12"]
[Round "5"]
[White "Menadue, Jeremy FS"]
[Black "Jagerflod, Kent"]
[Result "0-1"]
[WhiteElo "2050"]
[BlackElo "1950"]
[PlyCount "76"]
[EventDate "1984.12.08"]
[EventType "swiss"]
[EventRounds "9"]
[EventCountry "ENG"]
[SourceTitle "BritBase"]
[Source "John Saunders"]
[SourceDate "2020.09.07"]
[SourceVersion "1"]
[SourceVersionDate "2020.09.07"]
[SourceQuality "2"]

1. d4 b6 2. c4 Nf6 3. Nf3 e6 4. a3 Ba6 5. Qc2 Be7 6. e4 d5 7. e5 Nfd7 8. Nbd2
O-O 9. Bd3 h6 10. b4 c5 11. dxc5 bxc5 12. cxd5 exd5 13. b5 Bb7 14. O-O Qb6 15.
a4 c4 16. Bf5 Bc5 17. Bb2 Re8 18. e6 fxe6 19. Bh7+ Kf8 20. Bxg7+ Kxg7 21. Qg6+
Kf8 22. Qxh6+ Ke7 23. Qg5+ Kd6 24. Qg3+ e5 25. h4 Kc7 26. h5 Qh6 27. Bg6 Re7
28. Ng5 Nf6 29. Ndf3 Bd6 30. Qh4 Nbd7 31. Nf7 Qg7 32. N3g5 Nf8 33. Nxd6 Nxg6
34. hxg6 Kxd6 35. Nf7+ Kc7 36. Qg3 Ne4 37. Qa3 Rae8 38. a5 Qxg6 0-1

[Event "Regency Masters 6th"]
[Site "Ramsgate"]
[Date "1984.12.12"]
[Round "5"]
[White "O'Leary, Matt"]
[Black "Wright, Josie H"]
[Result "0-1"]
[WhiteElo "2100"]
[BlackElo "1900"]
[PlyCount "50"]
[EventDate "1984.12.08"]
[EventType "swiss"]
[EventRounds "9"]
[EventCountry "ENG"]
[SourceTitle "BritBase"]
[Source "John Saunders"]
[SourceDate "2020.09.07"]
[SourceVersion "1"]
[SourceVersionDate "2020.09.07"]
[SourceQuality "2"]

1. d4 Nf6 2. Nf3 c5 3. d5 d6 4. c4 b5 5. e3 g6 6. b3 Bg7 7. Bb2 O-O 8. Nbd2
bxc4 9. Bxc4 Ba6 10. O-O Bxc4 11. bxc4 Nbd7 12. Qc2 Qb6 13. Rab1 Qa6 14. Ba1
Rab8 15. e4 e6 16. e5 dxe5 17. Nxe5 Rxb1 18. Rxb1 Nxe5 19. Bxe5 exd5 20. cxd5
Nxd5 21. Bxg7 Kxg7 22. Qxc5 Qd3 23. Rb2 Re8 24. h3 Re2 25. Qc2 Qd4 0-1

[Event "Regency Masters 6th"]
[Site "Ramsgate"]
[Date "1984.12.12"]
[Round "5"]
[White "Pliester, Leon"]
[Black "Peelen, Piet"]
[Result "0-1"]
[WhiteElo "2335"]
[BlackElo "2240"]
[PlyCount "91"]
[EventDate "1984.12.08"]
[EventType "swiss"]
[EventRounds "9"]
[EventCountry "ENG"]
[SourceTitle "BritBase"]
[Source "John Saunders"]
[SourceDate "2020.09.07"]
[SourceVersion "1"]
[SourceVersionDate "2020.09.07"]
[SourceQuality "2"]

1. e4 c6 2. c4 d5 3. exd5 cxd5 4. d4 Nf6 5. Nc3 Nc6 6. Bg5 Be6 7. Nf3 Qa5 8.
Qb3 O-O-O 9. Bd2 Qb4 10. Nb5 Qxb3 11. axb3 a6 12. Be2 Ne4 13. Nc3 Nxd2 14. Kxd2
g6 15. Nxd5 Bg7 16. Ne3 Nxd4 17. Nxd4 Bxd4 18. Kc2 Bxb2 19. Ra5 Bd4 20. c5 Bxe3
21. fxe3 Bd5 22. Rf1 f6 23. g4 Kc7 24. Kc3 Rd7 25. h4 Rhd8 26. Rd1 h6 27. b4 g5
28. hxg5 hxg5 29. b5 axb5 30. Bxb5 Bc6 31. Rb1 Rd1 32. Raa1 Rxb1 33. Rxb1 Rd5
34. Kc4 Re5 35. Bxc6 bxc6 36. Kd4 Rd5+ 37. Kc4 Re5 38. Kd4 Rd5+ 39. Kc4 Rd2 40.
Kc3 Rg2 41. Rb4 Kd7 42. Re4 e5 43. Ra4 Ke6 44. Ra8 Kd5 45. Rf8 Rxg4 46. Rxf6
0-1

[Event "Regency Masters 6th"]
[Site "Ramsgate"]
[Date "1984.12.12"]
[Round "5"]
[White "Povah, Nigel Edward"]
[Black "Mednis, Edmar J"]
[Result "1/2-1/2"]
[WhiteElo "2355"]
[BlackElo "2460"]
[PlyCount "82"]
[EventDate "1984.12.08"]
[EventType "swiss"]
[EventRounds "9"]
[EventCountry "ENG"]
[SourceTitle "BritBase"]
[Source "John Saunders"]
[SourceDate "2020.09.07"]
[SourceVersion "1"]
[SourceVersionDate "2020.09.07"]
[SourceQuality "2"]

1. d4 d5 2. c4 c6 3. Nf3 Nf6 4. Nc3 dxc4 5. e4 b5 6. e5 Nd5 7. a4 e6 8. axb5
Nxc3 9. bxc3 cxb5 10. Ng5 Bb7 11. Qh5 g6 12. Qg4 Be7 13. Be2 Nd7 14. Bf3 Qc8
15. O-O Nb6 16. Ne4 a5 17. Bg5 Bxe4 18. Bxe4 Bxg5 19. Bxa8 Qxa8 20. Qxg5 Nd5
21. Ra3 Kd7 22. Rb1 Kc6 23. Qc1 h5 24. Ra2 Qa6 25. Qa3 Kd7 26. Kf1 Rc8 27. Ke1
Qb6 28. Kd2 Ra8 29. Ke1 Nc7 30. Qc1 Qc6 31. f3 Nd5 32. Qb2 Nc7 33. Rba1 Qb6 34.
Rb1 Qc6 35. Qd2 Nd5 36. Rba1 Qb6 37. Rb1 Qc6 38. Qb2 Nc7 39. Rba1 Qb6 40. Rb1
Qc6 41. Rba1 Qb6 1/2-1/2

[Event "Regency Masters 6th"]
[Site "Ramsgate"]
[Date "1984.12.12"]
[Round "5"]
[White "Renet, Olivier"]
[Black "Kosten, Anthony C"]
[Result "1/2-1/2"]
[WhiteElo "2250"]
[BlackElo "2420"]
[PlyCount "51"]
[EventDate "1984.12.08"]
[EventType "swiss"]
[EventRounds "9"]
[EventCountry "ENG"]
[SourceTitle "BritBase"]
[Source "John Saunders"]
[SourceDate "2020.09.07"]
[SourceVersion "1"]
[SourceVersionDate "2020.09.07"]
[SourceQuality "2"]

1. e4 e6 2. d4 d5 3. Nd2 a6 4. Ngf3 c5 5. exd5 exd5 6. dxc5 Bxc5 7. Nb3 Ba7 8.
Qe2+ Ne7 9. Be3 O-O 10. O-O-O Nbc6 11. Bxa7 Rxa7 12. Nfd4 Nf5 13. Qf3 Qg5+ 14.
Kb1 Be6 15. Nxf5 Bxf5 16. Bd3 Be6 17. Rhe1 Qh4 18. Qg3 Qf6 19. Nc5 h6 20. Be2
Rd8 21. f4 Bf5 22. Bd3 b6 23. Nb3 Rc7 24. Re2 Rdc8 25. Rde1 Bxd3 26. Qxd3
1/2-1/2

[Event "Regency Masters 6th"]
[Site "Ramsgate"]
[Date "1984.12.12"]
[Round "5"]
[White "Robertson, M AUS.."]
[Black "Shamkovich, Leonid"]
[Result "0-1"]
[WhiteElo "2050"]
[BlackElo "2455"]
[PlyCount "80"]
[EventDate "1984.12.08"]
[EventType "swiss"]
[EventRounds "9"]
[EventCountry "ENG"]
[SourceTitle "BritBase"]
[Source "John Saunders"]
[SourceDate "2020.09.07"]
[SourceVersion "1"]
[SourceVersionDate "2020.09.07"]
[SourceQuality "2"]

1. e4 c5 2. Nc3 Nc6 3. d3 g6 4. g3 Bg7 5. Bg2 e6 6. Be3 d6 7. Qd2 Rb8 8. Nh3
Nd4 9. O-O Ne7 10. Nd1 e5 11. f4 O-O 12. c3 Ndc6 13. Ng5 exf4 14. Bxf4 b5 15.
Nf3 b4 16. Bh6 bxc3 17. bxc3 f6 18. Bxg7 Kxg7 19. Ne3 Ba6 20. Bh3 Ne5 21. Be6
Bxd3 22. Ng4 Nxg4 23. Qxd3 Ne5 24. Nxe5 dxe5 25. Rad1 Qxd3 26. Rxd3 Rfd8 27.
Rdf3 Rf8 28. Rd3 Rb7 29. g4 Rc7 30. h4 h6 ({Bulletin gives} 30... h5 31. Rfd1
Rb8 32. Rd7 Rbb7 33. Rd8 Rb6 34. Bc4 f5 35. g5 fxe4 36. Re8 e3 37. Rdd8 Rb2 38.
Be6 {but now "Rh8 39 hg hg 40 Rf2 Rh3" makes little sense}) 31. Rfd1 Rb8 32.
Rd7 Rbb7 {[ambiguous rook move]} 33. Rd8 Rb6 34. Bc4 f5 35. g5 fxe4 36. Re8 e3
37. Rdd8 {[ambiguous rook move]} Rb2 38. Be6 {[and now the bulletin ends as
before but perhaps something like...]} Rf2 39. Rh8 hxg5 40. hxg5 Rb7 {... no
obvious solution to this mess - bulletin says 46 moves were played} 0-1

[Event "Regency Masters 6th"]
[Site "Ramsgate"]
[Date "1984.12.12"]
[Round "5"]
[White "Solomon, Stephen J"]
[Black "Bosboom, Manuel"]
[Result "0-1"]
[WhiteElo "2250"]
[BlackElo "2380"]
[PlyCount "111"]
[EventDate "1984.12.08"]
[EventType "swiss"]
[EventRounds "9"]
[EventCountry "ENG"]
[SourceTitle "BritBase"]
[Source "John Saunders"]
[SourceDate "2020.09.07"]
[SourceVersion "1"]
[SourceVersionDate "2020.09.07"]
[SourceQuality "2"]

1. e4 d6 2. d4 Nf6 3. Nc3 g6 4. f4 Bg7 5. Nf3 O-O 6. Bd3 Na6 7. Qe2 c5 8. e5
dxe5 9. dxe5 Nd5 10. Nxd5 Qxd5 11. Be3 Nb4 12. Bc4 Qe4 13. Rc1 Bf5 14. Bd3
Nxd3+ 15. cxd3 Qb4+ 16. Qd2 Qxd2+ 17. Kxd2 b6 18. d4 Rfd8 19. Ke2 cxd4 20. Bxd4
Be4 21. Rhd1 Rd7 22. Bc3 Bd5 23. Ke3 Rad8 24. b3 Bf8 25. Rd2 e6 26. b4 Rc8 27.
a3 Rdc7 28. Rd3 Bc4 29. Rd4 Bd5 30. Kd2 a5 31. Ne1 axb4 32. axb4 Rc4 33. Rxc4
Rxc4 34. g3 Bxb4 35. Bxb4 Rxb4 36. Nd3 Ra4 37. Rb1 Ra2+ 38. Rb2 Kg7 39. Kc3
Rxb2 40. Nxb2 Kh6 41. Kb4 Kh5 42. h3 Bg2 43. Nd1 Bxh3 44. Ne3 g5 45. fxg5 Kxg5
46. Kc3 h5 47. Kc4 f5 48. exf6 Kxf6 49. Kd4 b5 50. Nc2 Bf5 51. Nb4 Kg5 52. Ke3
e5 53. Nd5 Be6 54. Nb4 Bc4 55. Kf3 Bb3 56. Kf2 0-1

[Event "Regency Masters 6th"]
[Site "Ramsgate"]
[Date "1984.12.12"]
[Round "5"]
[White "Teichmann, Erik OMC"]
[Black "Hanreck, Alan E"]
[Result "1/2-1/2"]
[WhiteElo "2285"]
[BlackElo "2275"]
[PlyCount "23"]
[EventDate "1984.12.08"]
[EventType "swiss"]
[EventRounds "9"]
[EventCountry "ENG"]
[SourceTitle "BritBase"]
[Source "John Saunders"]
[SourceDate "2020.09.07"]
[SourceVersion "1"]
[SourceVersionDate "2020.09.07"]
[SourceQuality "2"]

1. Nf3 c5 2. c3 d5 3. d4 cxd4 4. cxd4 Nc6 5. Nc3 Nf6 6. Bf4 Bf5 7. e3 e6 8. Bb5
Bb4 9. Qa4 O-O 10. O-O Bxc3 11. bxc3 Ne4 12. Rfc1 1/2-1/2

[Event "Regency Masters 6th"]
[Site "Ramsgate"]
[Date "1984.12.13"]
[Round "6"]
[White "Bosboom, Manuel"]
[Black "Teichmann, Erik OMC"]
[Result "1-0"]
[WhiteElo "2380"]
[BlackElo "2285"]
[PlyCount "73"]
[EventDate "1984.12.08"]
[EventType "swiss"]
[EventRounds "9"]
[EventCountry "ENG"]
[SourceTitle "BritBase"]
[Source "John Saunders"]
[SourceDate "2020.09.07"]
[SourceVersion "1"]
[SourceVersionDate "2020.09.07"]
[SourceQuality "2"]

1. e4 e5 2. f4 exf4 3. Nf3 g5 4. h4 g4 5. Ng5 h6 6. Nxf7 Kxf7 7. Nc3 d5 8. d4
f3 9. Nxd5 Nf6 10. Nxf6 f2+ 11. Kxf2 Qxf6+ 12. Kg3 Nc6 13. Bc4+ Ke8 14. e5 Qd8
15. Qd3 Qe7 16. Qg6+ Kd8 17. Rf1 Qg7 18. Qe4 Ne7 19. h5 Ke8 20. Be3 Qh7 21.
Bf7+ Kd8 22. Bg6 Qg8 23. d5 Bd7 24. e6 Nxg6 25. hxg6 Be8 26. Rf7 Bxf7 27. exf7
Bd6+ 28. Kxg4 Qf8 29. Bd4 c5 30. Bf6+ Kc7 31. Qe6 h5+ 32. Kh3 Qh6 33. Rf1 Rhc8
34. g7 Qh7 35. Be5 Bxe5 36. Qxe5+ Kb6 37. f8=Q 1-0

[Event "Regency Masters 6th"]
[Site "Ramsgate"]
[Date "1984.12.13"]
[Round "6"]
[White "Carlier, Bruno"]
[Black "Dunnington, Angus J"]
[Result "1-0"]
[WhiteElo "2230"]
[BlackElo "2325"]
[PlyCount "91"]
[EventDate "1984.12.08"]
[EventType "swiss"]
[EventRounds "9"]
[EventCountry "ENG"]
[SourceTitle "BritBase"]
[Source "John Saunders"]
[SourceDate "2020.09.07"]
[SourceVersion "1"]
[SourceVersionDate "2020.09.07"]
[SourceQuality "2"]

1. e4 e6 2. d4 d5 3. e5 c5 4. c3 Ne7 5. Bd3 Nec6 6. Nf3 Nd7 7. O-O Be7 8. Na3
c4 9. Bc2 Nb6 10. g3 Bd7 11. h4 Bxa3 12. bxa3 h6 13. h5 Qe7 14. Nh4 O-O-O 15.
Rb1 Rdg8 16. a4 Na5 17. Rb4 Qe8 18. Ba3 g6 19. hxg6 fxg6 20. Qb1 g5 21. Ng6
Rxg6 22. Bxg6 Qd8 23. Bc2 h5 24. Kg2 h4 25. Qd1 Nc6 26. Rb1 Ne7 27. a5 Na8 28.
Ba4 Nf5 29. Bxd7+ Qxd7 30. Bc1 hxg3 31. Rh1 Nh4+ 32. Kxg3 Qh7 33. Bxg5 Qg6 34.
Rxh4 Qxg5+ 35. Qg4 Qxg4+ 36. Rxg4 Nc7 37. Kg2 Rh7 38. Rh1 Rf7 39. Rh6 Kd7 40.
Rf6 Rh7 41. Rgg6 Re7 42. Rf3 Nb5 43. a4 Na3 44. Kf1 b5 45. axb6 axb6 46. Ke2
1-0

[Event "Regency Masters 6th"]
[Site "Ramsgate"]
[Date "1984.12.13"]
[Round "6"]
[White "Crawley, Gavin"]
[Black "Pliester, Leon"]
[Result "1-0"]
[WhiteElo "2300"]
[BlackElo "2335"]
[PlyCount "57"]
[EventDate "1984.12.08"]
[EventType "swiss"]
[EventRounds "9"]
[EventCountry "ENG"]
[SourceTitle "BritBase"]
[Source "John Saunders"]
[SourceDate "2020.09.07"]
[SourceVersion "1"]
[SourceVersionDate "2020.09.07"]
[SourceQuality "2"]

1. e4 e5 2. Nf3 Nc6 3. Bb5 a6 4. Ba4 Nf6 5. O-O Nxe4 6. d4 b5 7. Bb3 d5 8. dxe5
Be6 9. Be3 Be7 10. c3 O-O 11. Nbd2 Bg4 12. Re1 Ng5 13. h3 Bh5 14. Bxg5 Bxg5 15.
Nf1 Bxf3 16. Qxf3 Ne7 17. Qh5 Bh6 18. Nh2 a5 19. Ng4 Ra6 20. Nf6+ gxf6 21. Qxh6
Ng6 22. Rad1 fxe5 23. Rxe5 Nxe5 24. Qxa6 c6 25. f4 Nf3+ 26. Kf2 Re8 27. Kxf3 a4
28. Qxc6 axb3 29. Rxd5 1-0

[Event "Regency Masters 6th"]
[Site "Ramsgate"]
[Date "1984.12.13"]
[Round "6"]
[White "Duxbury, Craig"]
[Black "Delanoy, Arnaud"]
[Result "0-1"]
[WhiteElo "1950"]
[BlackElo "2000"]
[PlyCount "98"]
[EventDate "1984.12.08"]
[EventType "swiss"]
[EventRounds "9"]
[EventCountry "ENG"]
[SourceTitle "BritBase"]
[Source "John Saunders"]
[SourceDate "2020.09.07"]
[SourceVersion "1"]
[SourceVersionDate "2020.09.07"]
[SourceQuality "2"]

1. d4 e6 2. e4 d5 3. Nc3 Bb4 4. exd5 exd5 5. Bd3 Nc6 6. Nf3 Bg4 7. a3 Bxf3 8.
Qxf3 Nxd4 9. Qe3+ Ne6 10. axb4 d4 11. Qf3 dxc3 12. Qxb7 Nf6 13. Qc6+ Nd7 14.
bxc3 O-O 15. O-O Ne5 16. Qe4 Nxd3 17. Qxd3 Qf6 18. Be3 Rfd8 19. Qc4 Qf5 20. Qb3
Nf4 21. Bxf4 Qxf4 22. Rad1 h6 23. Rd3 Rxd3 24. cxd3 Rd8 25. Qc4 Qxc4 26. dxc4
Rd2 27. Rc1 Kf8 28. Kf1 Ke7 29. Ke1 Ra2 30. Rd1 a5 31. c5 a4 32. c6 a3 33. Rd7+
Ke6 34. Rxc7 Rb2 35. Ra7 a2 36. b5 Rb1+ 37. Kd2 a1=Q 38. Rxa1 Rxa1 39. Kd3 Kd6
40. c4 f5 41. Kd4 Rd1+ 42. Kc3 g5 43. Kb4 Rb1+ 44. Ka5 Kc7 45. c5 Ra1+ 46. Kb4
Ra2 47. Kc4 Rxf2 48. Kd5 Rd2+ 49. Ke5 f4 0-1

[Event "Regency Masters 6th"]
[Site "Ramsgate"]
[Date "1984.12.13"]
[Round "6"]
[White "Eslon, Jaan"]
[Black "Robertson, M AUS.."]
[Result "0-1"]
[WhiteElo "2445"]
[BlackElo "2050"]
[PlyCount "50"]
[EventDate "1984.12.08"]
[EventType "swiss"]
[EventRounds "9"]
[EventCountry "ENG"]
[SourceTitle "BritBase"]
[Source "John Saunders"]
[SourceDate "2020.09.07"]
[SourceVersion "1"]
[SourceVersionDate "2020.09.07"]
[SourceQuality "2"]

1. e4 e5 2. Nf3 Nc6 3. Bb5 a6 4. Ba4 Nf6 5. Qe2 b5 6. Bb3 Be7 7. O-O O-O 8. c3
d5 9. d3 Bb7 10. Rd1 d4 11. cxd4 Nxd4 12. Nxd4 exd4 13. Nd2 c5 14. Nf1 Rc8 15.
Ng3 Re8 16. e5 Bd6 17. f4 Bf8 18. Kh1 Qd7 19. a4 c4 20. dxc4 bxc4 21. Bxc4 Rxc4
22. Qxc4 Qh3 23. Qe2 Ng4 24. Nf1 d3 25. Rxd3 Qxd3 0-1

[Event "Regency Masters 6th"]
[Site "Ramsgate"]
[Date "1984.12.13"]
[Round "6"]
[White "Forintos, Gyozo V"]
[Black "Knoppert, Erik GJ"]
[Result "1/2-1/2"]
[WhiteElo "2425"]
[BlackElo "2260"]
[PlyCount "110"]
[EventDate "1984.12.08"]
[EventType "swiss"]
[EventRounds "9"]
[EventCountry "ENG"]
[SourceTitle "BritBase"]
[Source "John Saunders"]
[SourceDate "2020.09.07"]
[SourceVersion "1"]
[SourceVersionDate "2020.09.07"]
[SourceQuality "2"]

1. d4 Nf6 2. c4 c5 3. d5 b5 4. cxb5 a6 5. bxa6 Bxa6 6. g3 d6 7. Bg2 g6 8. b3
Bg7 9. Bb2 O-O 10. Nh3 Nbd7 11. O-O Qb6 12. Bc3 Rfb8 13. Nd2 Ra7 14. Nf4 Nh5
15. Bxg7 Nxf4 16. gxf4 Kxg7 17. a3 Qa5 18. Re1 Qc3 19. Bf3 Nf6 20. Qc1 Qd4 21.
e3 Qd3 22. e4 Qd4 23. Re3 Bd3 24. Bg2 c4 25. bxc4 Rab7 26. Nf3 Qxa1 27. Qxa1
Rb1+ 28. Qxb1 Rxb1+ 29. Ne1 Bxc4 30. Bf3 Nd7 31. Kg2 Nc5 32. Be2 Bxd5 33. exd5
Rxe1 34. Rxe7 Nd3 35. Kf3 Nc1 36. Re3 Nxe2 37. Rxe2 Rd1 38. Ke4 f5+ 39. Ke3 Ra1
40. Kd4 Rxa3 41. Re7+ Kh6 42. Rd7 Ra4+ 43. Ke3 Ra3+ 44. Ke2 Ra2+ 45. Kf3 Ra3+
46. Kg2 Ra6 47. Kg3 g5 48. fxg5+ Kxg5 49. h4+ Kg6 50. Re7 Ra4 51. f3 Rd4 52.
Re6+ Kh5 53. Rxd6 f4+ 54. Kf2 Kxh4 55. Rd8 Kg5 1/2-1/2

[Event "Regency Masters 6th"]
[Site "Ramsgate"]
[Date "1984.12.13"]
[Round "6"]
[White "Fuller, Maxwell L"]
[Black "Ady, Jonathan James"]
[Result "1-0"]
[WhiteElo "2335"]
[BlackElo "2290"]
[PlyCount "125"]
[EventDate "1984.12.08"]
[EventType "swiss"]
[EventRounds "9"]
[EventCountry "ENG"]
[SourceTitle "BritBase"]
[Source "John Saunders"]
[SourceDate "2020.09.07"]
[SourceVersion "1"]
[SourceVersionDate "2020.09.07"]
[SourceQuality "2"]

1. c4 c5 2. g3 g6 3. Bg2 Bg7 4. Nc3 Nc6 5. e4 Nf6 6. Nge2 O-O 7. d3 a6 8. Be3
d6 9. h3 Rb8 10. a4 Bd7 11. O-O Ne8 12. d4 cxd4 13. Nxd4 Nc7 14. Nd5 Ne6 15.
Nxe6 fxe6 16. Nb6 Bxb2 17. Rb1 Bg7 18. c5 Qc7 19. cxd6 exd6 20. Nc4 b5 21. axb5
axb5 22. Nxd6 Ne5 23. Rc1 Nc4 24. Nxc4 bxc4 25. Bf4 e5 26. Qd5+ Rf7 27. Rxc4
Qb6 28. Be3 Qf6 29. Qa5 h5 30. h4 Kh7 31. Bg5 Qe6 32. Qd5 Qxd5 33. exd5 Bb5 34.
Rb1 Bxc4 35. Rxb8 Bh6 36. Bxh6 Kxh6 37. d6 Rd7 38. Rb6 Be6 39. Bf1 Kg7 40. Bb5
Rd8 41. Kf1 Kf6 42. Ke2 Bd7 43. Bc4 Rc8 44. Bb3 e4 45. Rb7 Rd8 46. Ke3 Ke5 47.
Bc2 Bf5 48. Rb6 Rd7 49. Ba4 Rxd6 50. Rxd6 Kxd6 51. Kf4 Ke6 52. Kg5 Kf7 53. Bc6
Kg7 54. Be8 Kh7 55. Kf6 Kh6 56. Bf7 e3 57. fxe3 Be4 58. Be8 Bf3 59. Bxg6 Be4
60. Bf7 Bg6 61. Be6 Bc2 62. Bf5 Bd3 63. g4 1-0

[Event "Regency Masters 6th"]
[Site "Ramsgate"]
[Date "1984.12.13"]
[Round "6"]
[White "Grimberg, Gilbert"]
[Black "Cuijpers, Frans Andre"]
[Result "1/2-1/2"]
[WhiteElo "2225"]
[BlackElo "2365"]
[PlyCount "65"]
[EventDate "1984.12.08"]
[EventType "swiss"]
[EventRounds "9"]
[EventCountry "ENG"]
[SourceTitle "BritBase"]
[Source "John Saunders"]
[SourceDate "2020.09.07"]
[SourceVersion "1"]
[SourceVersionDate "2020.09.07"]
[SourceQuality "2"]

1. d4 d5 2. Nf3 Nf6 3. c4 c6 4. cxd5 cxd5 5. Nc3 Nc6 6. Bf4 Bf5 7. e3 e6 8. Qb3
Bb4 9. Bb5 Bxc3+ 10. bxc3 O-O 11. Bxc6 bxc6 12. O-O Nh5 13. Ne5 Nxf4 14. exf4
Qc7 15. Qa4 Rfc8 16. g3 Rab8 17. Rfe1 h6 18. Re3 Rb2 19. Rae1 c5 20. dxc5 Qxc5
21. g4 Be4 22. Qd7 Qc7 23. f3 Qxd7 24. Nxd7 Rc7 25. fxe4 Rxd7 26. R1e2 Rxe2 27.
Rxe2 Kf8 28. Kf2 Ke7 29. Ke3 Kd6 30. exd5 exd5 31. Kd3 Rb7 32. Kc2 Rc7 33. Re8
1/2-1/2

[Event "Regency Masters 6th"]
[Site "Ramsgate"]
[Date "1984.12.13"]
[Round "6"]
[White "Grooten, Herman"]
[Black "King, Daniel J"]
[Result "1-0"]
[WhiteElo "2310"]
[BlackElo "2435"]
[PlyCount "81"]
[EventDate "1984.12.08"]
[EventType "swiss"]
[EventRounds "9"]
[EventCountry "ENG"]
[SourceTitle "BritBase"]
[Source "John Saunders"]
[SourceDate "2020.09.07"]
[SourceVersion "1"]
[SourceVersionDate "2020.09.07"]
[SourceQuality "2"]

1. d4 Nf6 2. Nf3 e6 3. c4 d5 4. Nc3 Be7 5. Bg5 O-O 6. e3 h6 7. Bxf6 Bxf6 8. Qd2
c6 9. O-O-O Nd7 10. h4 g6 11. g4 Bg7 12. g5 h5 13. e4 b5 14. exd5 b4 15. Ne2
cxd5 16. c5 e5 17. Qxb4 Qc7 18. Nc3 Rb8 19. Nxd5 Rxb4 20. Nxc7 Bb7 21. Rh3 exd4
22. a3 Rb3 23. Nxd4 Rxh3 24. Bxh3 Nxc5 25. Ncb5 Rd8 26. b4 Ne4 27. Bg2 Rc8+ 28.
Nc2 a6 29. Rd7 Rb8 30. Nc7 f5 31. Ne6 Be5 32. Nd8 Bc8 33. Ra7 Nxf2 34. Bd5+ Kf8
35. Nc6 Bf4+ 36. Kb1 Bb7 37. Nxb8 Bxd5 38. Nd7+ Ke7 39. Nf6+ Ke6 40. Rxa6+ Ke5
41. Ra5 1-0

[Event "Regency Masters 6th"]
[Site "Ramsgate"]
[Date "1984.12.13"]
[Round "6"]
[White "Halpin, Patrick"]
[Black "Menadue, Jeremy FS"]
[Result "0-1"]
[WhiteElo "2200"]
[BlackElo "2050"]
[PlyCount "63"]
[EventDate "1984.12.08"]
[EventType "swiss"]
[EventRounds "9"]
[EventCountry "ENG"]
[SourceTitle "BritBase"]
[Source "John Saunders"]
[SourceDate "2020.09.07"]
[SourceVersion "1"]
[SourceVersionDate "2020.09.07"]
[SourceQuality "2"]

1. e4 c5 2. Nc3 Nc6 3. f4 g6 4. Nf3 Bg7 5. Bc4 e6 6. f5 Nge7 7. fxe6 fxe6 8. d3
d5 9. Bb3 b5 10. a4 b4 11. Ne2 dxe4 12. dxe4 Qxd1+ 13. Kxd1 Na5 14. Nd2 Nxb3
15. cxb3 O-O 16. Nc4 Bb7 17. Be3 Rfd8+ 18. Ke1 Bxe4 19. Bxc5 Nd5 20. Kf2 Bc2
21. Rhc1 Be4 22. a5 Rd7 23. a6 Rf7+ 24. Kg1 Bd3 25. Nd4 Nf4 26. Nd6 Rd7 27. Nc6
Bxb2 28. Rd1 Bc2 29. Ra2 Bxd1 30. Rxb2 Nd3 31. Ne4 Rc7 32. Bd6 0-1

[Event "Regency Masters 6th"]
[Site "Ramsgate"]
[Date "1984.12.13"]
[Round "6"]
[White "Hebden, Mark L"]
[Black "Povah, Nigel Edward"]
[Result "1-0"]
[WhiteElo "2480"]
[BlackElo "2355"]
[PlyCount "97"]
[EventDate "1984.12.08"]
[EventType "swiss"]
[EventRounds "9"]
[EventCountry "ENG"]
[SourceTitle "BritBase"]
[Source "John Saunders"]
[SourceDate "2020.09.07"]
[SourceVersion "1"]
[SourceVersionDate "2020.09.07"]
[SourceQuality "2"]

1. e4 Nc6 2. d4 d5 3. e5 Bf5 4. Ne2 e6 5. Ng3 Bg6 6. h4 f6 7. h5 Bf7 8. f4 Qd7
9. c3 O-O-O 10. Bb5 g6 11. Nd2 gxh5 12. Nxh5 fxe5 13. fxe5 Bg6 14. Nf4 Bf5 15.
Nf3 Qe8 16. Nh4 Nh6 17. Nxf5 Nxf5 18. Qg4 Rd7 19. Bd3 Rg7 20. Qh5 Qxh5 21. Rxh5
Ng3 22. Rh3 Ne4 23. Be3 Nd8 24. O-O-O c6 25. Re1 Ng5 26. Rh5 Ndf7 27. Reh1 h6
28. Rf1 Be7 29. Rh2 Rf8 30. g3 Rgg8 31. Rhf2 Nd8 32. Nh5 Rxf2 33. Rxf2 Rf8 34.
Nf4 Kd7 35. Rh2 Ndf7 36. Kd1 Rg8 37. Ke2 Bd8 38. Rf2 Rg7 39. Nh5 Rg8 40. Bxg5
Nxg5 41. Nf6+ Bxf6 42. Rxf6 Rh8 43. Rg6 Kc7 44. Ke3 Rf8 45. Be2 Ne4 46. Rxh6
Nxg3 47. Rxe6 Nf5+ 48. Kd2 Rh8 49. Rf6 1-0

[Event "Regency Masters 6th"]
[Site "Ramsgate"]
[Date "1984.12.13"]
[Round "6"]
[White "Jagerflod, Kent"]
[Black "Renet, Olivier"]
[Result "1-0"]
[WhiteElo "1950"]
[BlackElo "2250"]
[PlyCount "55"]
[EventDate "1984.12.08"]
[EventType "swiss"]
[EventRounds "9"]
[EventCountry "ENG"]
[SourceTitle "BritBase"]
[Source "John Saunders"]
[SourceDate "2020.09.07"]
[SourceVersion "1"]
[SourceVersionDate "2020.09.07"]
[SourceQuality "2"]

1. d4 Nf6 2. c4 e6 3. Nf3 d5 4. Bg5 Bb4+ 5. Nc3 Nbd7 6. e3 c5 7. a3 Bxc3+ 8.
bxc3 Qa5 9. Nd2 Qxc3 10. Bxf6 Nxf6 11. dxc5 O-O 12. Qc1 Qa5 13. cxd5 Rd8 14. d6
Ne4 15. Ra2 Nxc5 16. Be2 Ne4 17. Qc7 Qxc7 18. dxc7 Rxd2 19. Rxd2 Nxd2 20. Kxd2
Kf8 21. Bf3 a6 22. Kc3 Bd7 23. Rb1 Rc8 24. Rxb7 Ke7 25. Kb4 Kd6 26. Ka5 Kc5 27.
Rb1 Bb5 28. Rc1+ 1-0

[Event "Regency Masters 6th"]
[Site "Ramsgate"]
[Date "1984.12.13"]
[Round "6"]
[White "Josephs, Ian"]
[Black "O'Leary, Matt"]
[Result "1/2-1/2"]
[WhiteElo "1800"]
[BlackElo "2100"]
[PlyCount "127"]
[EventDate "1984.12.08"]
[EventType "swiss"]
[EventRounds "9"]
[EventCountry "ENG"]
[SourceTitle "BritBase"]
[Source "John Saunders"]
[SourceDate "2020.09.07"]
[SourceVersion "1"]
[SourceVersionDate "2020.09.07"]
[SourceQuality "2"]

1. e4 c5 2. c3 e5 3. Nf3 Nc6 4. Bb5 Bd6 5. Na3 a6 6. Bxc6 dxc6 7. Nc4 f6 8. O-O
Ne7 9. d4 cxd4 10. cxd4 exd4 11. Qxd4 Bc7 12. Qxd8+ Kxd8 13. Be3 Ke8 14. Nb6
Bxb6 15. Bxb6 Kf7 16. Rfd1 Bg4 17. Rd4 Rhe8 18. Nd2 Be6 19. f4 Kg8 20. Nc4 Bxc4
21. Rxc4 Ng6 22. g3 h5 23. Rd4 Re7 24. Rad1 Rae8 25. Re1 Nf8 26. Kf2 Nd7 27.
Ba5 Nc5 28. Kf3 g5 29. h3 Nxe4 30. Kg2 gxf4 31. gxf4 f5 32. Red1 Nf6 33. Bc3
Nd5 34. Kg3 Kf7 35. Kh4 Rg8 36. Rxd5 cxd5 37. Rxd5 Kg6 38. Rd6+ Kh7 39. Rf6 Re3
40. Rxf5 Rgg3 41. Rxh5+ Kg6 42. Rg5+ Rxg5 43. fxg5 Re4+ 44. Kg3 Kxg5 45. h4+
Kg6 46. a3 Kf5 47. Bd2 Re2 48. Bc3 Re3+ 49. Kf2 Rh3 50. h5 Rxh5 51. Ke3 Rh4 52.
Kd3 b5 53. Kc2 Ke4 54. Kb3 Kd5 55. Ba5 Rh3+ 56. Bc3 a5 57. Kc2 Rh2+ 58. Kb3 a4+
59. Ka2 Kc4 60. Be5 Rd2 61. Bg7 Rd3 62. Bf6 Rb3 63. Bg7 Kd3 64. Kb1 1/2-1/2